Vấn đề cán bộ thông tin xã, ấp [ của Việt Nam Cộng Hòa ]

Gespeichert in:
Bibliographische Detailangaben
1. Verfasser: Nguyễn Ngọc Diệp
Format: Buch
Sprache:Undetermined
Veröffentlicht: Sài Gòn Học viện Quốc Gia Hành Chánh 1970
Schlagworte:
Tags: Tag hinzufügen
Keine Tags, Fügen Sie den ersten Tag hinzu!
Thư viện lưu trữ: Trung tâm Học liệu Trường Đại học Cần Thơ
LEADER 00615nam a2200181Ia 4500
001 CTU_26486
008 210402s9999 xx 000 0 und d
082 |a 353 
082 |b D307 
100 |a Nguyễn Ngọc Diệp 
245 0 |a Vấn đề cán bộ thông tin xã, ấp [ của Việt Nam Cộng Hòa ] 
245 0 |c Nguyễn Ngọc Diệp 
260 |a Sài Gòn 
260 |b Học viện Quốc Gia Hành Chánh 
260 |c 1970 
650 |a personnel management 
904 |i Nguyễn Quang Điền, 981013 
980 |a Trung tâm Học liệu Trường Đại học Cần Thơ